000 00575nam a2200205Ia 4500
005 20231110115111.0
008 131103s9999 xx 000 0 und d
040 _aLoreto College
041 _aEnglish
082 _a750.92
_bREM
245 _aRembrandt
_b Selected paintings
250 _a3rd ed.
_bintroduction by Trancred Borenius
260 _aLondon
_bPhaidon Press
_c1952
300 _a21 p.
_b 88 pates
650 _aRembrandt, - Criticism and Interpretation
651 _aPainters - Biography
700 _aBorenius,Trancred
850 _aLCLIB
942 _cBK
999 _c17580
_d68059